000 00935nam a2200277 a 4500
001 000007103
003 BNPHU
005 20260204100205.0
008 090713r2007 dr ab 000 0 spa d
020 _z9945421034
040 _aDO-SdBNP
_bspa
_cBNPHU
082 _a711.4098
_bV297e, 2007
100 1 _aVargas Mera, Ramón,
_d1926-
_911353
245 1 0 _aEstrategias y políticas urbanas /
_cRamón Vargas Mera.
250 _a2a ed.
260 _aMadrid, España :
_bReproline,
_c2007.
300 _a162 p. :
_bil. , mapa ;
_c23 cm.
500 _aIncluye referencias bibliográficas y notas al pie de las páginas
504 _aBibliografía : p. 161-162
590 _aInventariado, 2018/LP
650 7 _aUrbanismo
_zAmérica Latina
_951101
_2LIBRUNAM
650 7 _aPolítica urbana
_911355
_2LIBRUNAM
651 4 _aAmérica Latina
_xCondiciones sociales
_95034
910 _aValidado. Control de calidad BNPHU
942 _2ddc
_cLBS1
999 _c6884
_d6884